书目信息 |
| 题名: |
第五次高峰:当代中国的犯罪问题
|
|
| 作者: | 曹凤 | |
| 分册: | ||
| 出版信息: | 北京今日中国出版社 1997. 9 |
|
| 页数: | 319页 | |
| 开本: | 大32开 | |
| 丛书名: | ||
| 单 册: | ||
| 中图分类: | D669.9 | |
| 科图分类: | ||
| 主题词: | 政治--中国 | |
| 电子资源: | ||
| ISBN: | ||
| 000 | 00545nam0 2200193 45 | |
| 001 | 0308271038 | |
| 005 | 20030827105619.2 | |
| 010 | @dRMB16.80 | |
| 100 | @a20030827d1997 km y0chiy0120 ea | |
| 101 | @achi | |
| 105 | @a z 000yy | |
| 200 | 1 | @a第五次高峰:当代中国的犯罪问题@Adi wu ci gao feng:dang dai zhong guo de fan zui wen ti@f曹凤@Fcao feng |
| 210 | @c北京今日中国出版社@d1997. 9 | |
| 215 | @a319页@c无图表@d大32开 | |
| 606 | 0 | @a政治@x中国 |
| 690 | @aD669.9@v3 | |
| 701 | 0 | @a曹凤 |
| 801 | @aCN@b@c20030827 | |
| 905 | @aBZT@dD669.9@e94 | |
| 第五次高峰:当代中国的犯罪问题/曹凤.-北京今日中国出版社,1997. 9 |
| 319页:无图表;大32开 |
| ISBN :RMB16.80 |
| ● |
| 相关链接 |
|
|
|
正题名:第五次高峰:当代中国的犯罪问题
索取号:D669.9/94
 
预约/预借
| 序号 | 登录号 | 条形码 | 馆藏地/架位号 | 状态 | 备注 |
| 1 | 78445 | 200739665 | 中心书库南/011架B面7层8列/ [索取号:D669.9/94] | 在馆 | |
| 2 | 78446 | 200739683 | 中心书库南/011架B面7层8列/ [索取号:D669.9/94] | 在馆 | |
| 3 | 78447 | 200739647 | 中心书库南/011架B面7层8列/ [索取号:D669.9/94] | 在馆 | |
| 4 | 78448 | 200739656 | 中心书库南/011架B面7层8列/ [索取号:D669.9/94] | 在馆 | |
| 5 | 78449 | 200739638 | 中心书库南/011架B面7层8列/ [索取号:D669.9/94] | 在馆 |